01383nam a2200157 a 4500008004100000020001800041041000800059100002900067245003900096250003700135260003900172300001100211500007600222505091600298655001101214161215t2010 spa |||g ||| 000 f spa d a9788499181479 aspa1 aPatterson, Richard North aEclipse /cRichard North Patterson a1a ed.bTraducción Ana Herrera aBarcelona:bRoca Editorial;c2010. a458 p. aPatterson, R. N. (2010). Eclipse. (1a ed.). Barcelona : Roca Editorial. aDamon Pierce se encuentra en una encrucijada vital: su carrera como abogado en California, aunque brillante, no acaba de satisfacerlo y se halla en pleno divorcio. Por ello, acepta sin dudar el pedido de ayuda de Marissa Brand Okari, una mujer con quien mantuvo una relación años atrás. Marissa está casada ahora con Bobby Okari, el carismático líder de un grupo opositor al gobierno autocrático que rige en su país, Luandia. Este país del oeste de África, rico en petróleo, es un objetivo codiciado por muchos, en especial por una compañía petrolífera americana estrechamente vinculada con el general Savior Karama, dirigente del país. Karama, que ve a Bobby Okari como una amenaza para sus intereses, no dudará en acusarlo de asesinato a raíz de una protesta que éste organiza durante un eclipse solar. Pierce aceptará su defensa, aunque ello implique arriesgar su vida.  aNovela